[Event "ODJM B 2019"]
[Site "Willingen GER"]
[Date "2019.06.09"]
[Round "2"]
[White "Rempe, Mieke"]
[Black "Aumüller, Naum"]
[Result "1-0"]
[Termination "normal"]
[Board "51"]
[WhiteElo "1469"]
[BlackElo "1685"]
[PlyCount "35"]
[WhiteFideId "16202384"]
[BlackFideId "16263960"]
[EventCountry "GER"]
[EventRounds "9"]
[EventType "swiss"]
[EventDate "2019.06.08"]

1. e4 e5 2. Nf3 Nc6 3. Bb5 Bc5 4. Nxe5 Bxf2+ 5. Kxf2 Nxe5 6. Rf1 Qf6+ 7. Kg1
Qb6+ 8. d4 Qxb5 9. Nc3 Qa5 10. dxe5 Qxe5 11. Rf5 Qe7 12. Nd5 Qd8 13. Qf3 f6 14.
e5 g6 15. Nxf6+ Nxf6 16. exf6 h5 17. f7+ Kf8 18. Bg5 1-0

[Event "ODJM B 2019"]
[Site "Willingen GER"]
[Date "2019.06.09"]
[Round "2"]
[White "Rempe, Janne"]
[Black "Schneble, Milan"]
[Result "0-1"]
[Termination "normal"]
[Board "52"]
[WhiteElo "1720"]
[BlackElo "1425"]
[PlyCount "64"]
[WhiteFideId "16202392"]
[BlackFideId "16266102"]
[EventCountry "GER"]
[EventRounds "9"]
[EventType "swiss"]
[EventDate "2019.06.08"]

1. d4 d5 2. Nf3 Nf6 3. Bf4 Bf5 4. e3 Nbd7 5. c3 e6 6. Be2 c5 7. Nbd2 Be7 8. h3
O-O 9. g4 Bg6 10. Ne5 Nxe5 11. dxe5 Nd7 12. Nf3 f6 13. Bd3 Bxd3 14. Qxd3 fxe5
15. Bxe5 Rxf3 16. Bf4 Qf8 17. Qe2 Rxf4 18. exf4 Qf7 19. Rd1 Re8 20. O-O Bd6 21.
Qb5 Nb6 22. f5 exf5 23. gxf5 Rd8 24. Qd3 Qh5 25. f4 Rf8 26. c4 Rxf5 27. cxd5
Rxd5 28. Qb3 Qg6+ 29. Kh1 Qe4+ 30. Kg1 c4 31. Qg3 Bc5+ 32. Kh2 Rxd1 0-1

[Event "ODJM B 2019"]
[Site "Willingen GER"]
[Date "2019.06.09"]
[Round "2"]
[White "Kung, Fanny"]
[Black "Götz, Timon"]
[Result "0-1"]
[Termination "normal"]
[Board "53"]
[WhiteElo "1510"]
[BlackElo "1408"]
[PlyCount "74"]
[WhiteFideId "12987689"]
[BlackFideId "16245040"]
[EventCountry "GER"]
[EventRounds "9"]
[EventType "swiss"]
[EventDate "2019.06.08"]

1. e4 c5 2. Nf3 g6 3. c3 Bg7 4. d4 cxd4 5. cxd4 d5 6. e5 Bg4 7. Nc3 e6 8. h3
Bxf3 9. Qxf3 a6 10. b3 Ne7 11. Bd3 O-O 12. Bd2 Nd7 13. Qg4 b5 14. h4 h5 15. Qh3
Nf5 16. Bxf5 exf5 17. Qf3 Nb6 18. Rh3 f6 19. Bf4 Re8 20. Qe3 Re6 21. Kf1 Qe7
22. Re1 Re8 23. Rg3 Kh7 24. Re2 fxe5 25. dxe5 Qxh4 26. Rh3 Qd8 27. Qc5 Bxe5 28.
Rhe3 Qh4 29. Kg1 Qxf4 30. g3 Qg5 31. Rxe5 Rxe5 32. Rxe5 Rxe5 33. Qc7+ Re7 34.
Qxb6 Qc1+ 35. Kg2 Qxc3 36. Qxa6 b4 37. Qb5 d4 0-1

[Event "ODJM B 2019"]
[Site "Willingen GER"]
[Date "2019.06.09"]
[Round "2"]
[White "Fricke, Janek Konrad"]
[Black "Leithoff, Hans-Georg"]
[Result "1-0"]
[Termination "normal"]
[Board "54"]
[WhiteElo "1561"]
[BlackElo "1527"]
[PlyCount "87"]
[WhiteFideId "12997471"]
[BlackFideId "16223918"]
[EventCountry "GER"]
[EventRounds "9"]
[EventType "swiss"]
[EventDate "2019.06.08"]

1. e4 c5 2. d4 cxd4 3. c3 d5 4. exd5 Qxd5 5. cxd4 Nf6 6. Nf3 e6 7. Be2 Nc6 8.
O-O Be7 9. Nc3 Qd8 10. h3 O-O 11. Be3 Nb4 12. Bg5 Nfd5 13. Nxd5 Nxd5 14. Bxe7
Qxe7 15. Re1 b6 16. Bc4 Nf6 17. d5 Rd8 18. Qb3 Rd6 19. Ng5 e5 20. Nf3 Nd7 21.
Nd4 Nc5 22. Qe3 f6 23. Nc6 Qd7 24. Rac1 Bb7 25. b3 Kf8 26. Qf3 Bxc6 27. dxc6
Qxc6 28. Qxc6 Rxc6 29. Bd5 Rac8 30. Bxc6 Nd3 31. Red1 Nxc1 32. Rxc1 a6 33. Rc2
Ke7 34. Be4 Rxc2 35. Bxc2 h6 36. f3 Kd6 37. Kf2 Kd5 38. Ke3 a5 39. Bd3 h5 40.
Bc4+ Kc5 41. a4 f5 42. Kd3 g5 43. Be6 Kb4 44. g3 1-0

[Event "ODJM B 2019"]
[Site "Willingen GER"]
[Date "2019.06.09"]
[Round "2"]
[White "Kamleiter, Noah"]
[Black "Hoffmann, Alexander"]
[Result "1-0"]
[Termination "normal"]
[Board "55"]
[WhiteElo "1457"]
[BlackElo "1631"]
[PlyCount "119"]
[WhiteFideId "16265815"]
[BlackFideId "16240219"]
[EventCountry "GER"]
[EventRounds "9"]
[EventType "swiss"]
[EventDate "2019.06.08"]

1. e4 e5 2. Nf3 Nc6 3. Bb5 a6 4. Ba4 Nf6 5. d4 exd4 6. e5 Ng4 7. Bf4 Bb4+ 8.
Nbd2 b5 9. Bb3 d6 10. exd6 Bxd6 11. Bxd6 Qxd6 12. Qe2+ Nge5 13. Ng5 O-O 14. Qe4
Ng6 15. Nxf7 Rxf7 16. Qe8+ Qf8 17. Bxf7+ Kh8 18. Bxg6 Bb7 19. Qxf8+ Rxf8 20.
Bd3 Re8+ 21. Kd1 Rf8 22. f3 Nb4 23. Re1 Nd5 24. Be4 Ne3+ 25. Kc1 Bxe4 26. Nxe4
Nxg2 27. Re2 Rxf3 28. Nd2 Re3 29. Rxe3 dxe3 30. Nf3 h6 31. Kd1 Nf4 32. Ke1 g5
33. Kf1 g4 34. Nh4 Kh7 35. Ng2 e2+ 36. Kf2 Ne6 37. Kxe2 Nd4+ 38. Kd3 Nf3 39.
Rf1 c5 40. Ne1 c4+ 41. Ke3 Nxh2 42. Rf6 g3 43. Rxa6 Nf1+ 44. Kf3 Nd2+ 45. Kxg3
Ne4+ 46. Kg2 Nc5 47. Ra5 Na4 48. Rxb5 c3 49. bxc3 Nxc3 50. Rb3 Nxa2 51. c4 Nc1
52. Rb2 Kg6 53. c5 Kf6 54. c6 Ke7 55. c7 Kd7 56. Rc2 Kc8 57. Rxc1 h5 58. Nf3 h4
59. Ne5 h3+ 60. Kxh3 1-0

[Event "ODJM B 2019"]
[Site "Willingen GER"]
[Date "2019.06.09"]
[Round "2"]
[White "Hallfarth, Luise"]
[Black "Lipinsky, Pierre"]
[Result "1-0"]
[Termination "normal"]
[Board "56"]
[WhiteElo "1518"]
[BlackElo "1353"]
[PlyCount "75"]
[WhiteFideId "16250222"]
[BlackFideId "16206290"]
[EventCountry "GER"]
[EventRounds "9"]
[EventType "swiss"]
[EventDate "2019.06.08"]

1. e4 e5 2. d4 exd4 3. Qxd4 Nc6 4. Qe3 Nf6 5. Nc3 Bb4 6. Bd2 O-O 7. O-O-O Re8
8. Qg3 Ne7 9. Bd3 Ng6 10. f3 d6 11. h4 Nh5 12. Qf2 Ngf4 13. Bc4 c6 14. g4 Bc5
15. Qh2 d5 16. gxh5 Bxg1 17. Rhxg1 Nh3 18. Bg5 f6 19. Bh6 Nxg1 20. Qxg1 Re7 21.
exd5 Kh8 22. d6 Rd7 23. Bf4 Qf8 24. Be6 Rd8 25. d7 Bxd7 26. Bxd7 Qb4 27. Qg4
Qe7 28. h6 g6 29. Qe6 Qxe6 30. Bxe6 Rxd1+ 31. Kxd1 Rd8+ 32. Kc1 Re8 33. Bb3
Re1+ 34. Kd2 Rh1 35. Bg3 Rh3 36. Ne4 g5 37. hxg5 fxg5 38. Be5# 1-0

[Event "ODJM B 2019"]
[Site "Willingen GER"]
[Date "2019.06.09"]
[Round "2"]
[White "Schilay, Maria"]
[Black "Mainka, Ingmar"]
[Result "0-1"]
[Termination "normal"]
[Board "57"]
[WhiteElo "1415"]
[BlackElo "1209"]
[PlyCount "94"]
[WhiteFideId "12942979"]
[BlackFideId "16254937"]
[EventCountry "GER"]
[EventRounds "9"]
[EventType "swiss"]
[EventDate "2019.06.08"]

1. e4 c5 2. Nc3 Nc6 3. g3 g6 4. Bg2 Bg7 5. d3 Nf6 6. Be3 O-O 7. Bxc5 d6 8. Be3
Ng4 9. Bd2 Qb6 10. Nh3 Qxb2 11. Rb1 Qa3 12. Rb3 Qa5 13. O-O a6 14. Nf4 Nge5 15.
Nfe2 Nd7 16. Be3 Nc5 17. Bxc5 Qxc5 18. Qd2 b5 19. Nd5 Bg4 20. Kh1 Bxe2 21.
Nxe7+ Nxe7 22. Qxe2 Rac8 23. Rc1 Nc6 24. Rbb1 Nd4 25. Qd2 Qc3 26. Qd1 Qa3 27.
Ra1 Rxc2 28. Rxc2 Nxc2 29. Rc1 Nd4 30. Qd2 Ne6 31. f4 Qb2 32. Qxb2 Bxb2 33. Rc6
a5 34. Rxd6 Rc8 35. Kg1 Rc1+ 36. Kf2 Rc2+ 37. Kf1 Bd4 38. Bh3 Rxa2 39. Bxe6
fxe6 40. Rxd4 b4 41. Ke1 b3 42. Kd1 a4 43. Kc1 a3 44. Kb1 Rc2 45. Rb4 a2+ 46.
Ka1 Rc1+ 47. Kb2 a1=Q+ 0-1

[Event "ODJM B 2019"]
[Site "Willingen GER"]
[Date "2019.06.09"]
[Round "2"]
[White "Reuter, Marek"]
[Black "Fricke, Edna Marlene"]
[Result "1-0"]
[Termination "normal"]
[Board "58"]
[WhiteElo "1553"]
[BlackElo "1350"]
[PlyCount "81"]
[WhiteFideId "16226712"]
[BlackFideId "12988839"]
[EventCountry "GER"]
[EventRounds "9"]
[EventType "swiss"]
[EventDate "2019.06.08"]

1. e4 c5 2. Nc3 Nc6 3. g3 g6 4. Bg2 Bg7 5. d3 e6 6. Bf4 Nge7 7. Bd6 Qb6 8. Na4
Qa5+ 9. c3 b6 10. Rb1 Ba6 11. b4 cxb4 12. cxb4 Qb5 13. Nb2 Nxb4 14. e5 Nxd3+
15. Nxd3 Qxd3 16. Qxd3 Bxd3 17. Rd1 Bc2 18. Bxa8 Bxd1 19. Kxd1 Nf5 20. Ba3 Bxe5
21. Nf3 Bf6 22. g4 Ne7 23. Bb7 h5 24. g5 Bc3 25. Kc2 Bg7 26. h4 Nf5 27. Rc1 d6
28. Kd3 Kd7 29. Bc6+ Ke7 30. Bb5 e5 31. Rc7+ Ke6 32. Bd7+ Kd5 33. Bxf5 gxf5 34.
Rxf7 e4+ 35. Kd2 Rg8 36. Ne1 Ke6 37. Rxa7 Bd4 38. Rh7 Ra8 39. Nc2 Bxf2 40. Rh6+
Ke5 41. Bxd6+ 1-0

[Event "ODJM B 2019"]
[Site "Willingen GER"]
[Date "2019.06.09"]
[Round "2"]
[White "Richter, Tim"]
[Black "Albayrak, Berrak"]
[Result "0-1"]
[Termination "normal"]
[Board "59"]
[WhiteElo "1473"]
[BlackElo "1491"]
[PlyCount "110"]
[WhiteFideId "16272641"]
[BlackFideId "16241657"]
[EventCountry "GER"]
[EventRounds "9"]
[EventType "swiss"]
[EventDate "2019.06.08"]

1. d4 d5 2. Bf4 c6 3. Nf3 Nf6 4. e3 Nbd7 5. h3 e6 6. Bd3 c5 7. c3 Be7 8. Nbd2
h6 9. Bh2 Qb6 10. Qb3 Qxb3 11. axb3 O-O 12. O-O Nb6 13. c4 cxd4 14. exd4 dxc4
15. bxc4 Bd7 16. Ne5 Rfc8 17. c5 Nbd5 18. Nxd7 Nxd7 19. Nc4 N7f6 20. Nd6 Bxd6
21. Bxd6 Ne8 22. Bh2 a6 23. Bc4 Rd8 24. Rfd1 Nb4 25. Ra3 Nc6 26. Rad3 Nf6 27.
Be5 Nd5 28. Bd6 Ndb4 29. R3d2 Na5 30. Bf1 Rd7 31. b3 Rad8 32. Bc4 Nxc4 33. bxc4
Nc6 34. d5 exd5 35. cxd5 Na5 36. Be5 Nc4 37. Re2 Rxd5 38. Rxd5 Rxd5 39. Bd6
Nxd6 40. cxd6 Rxd6 41. Rb2 b5 42. Kf1 Kf8 43. Rb4 Ke7 44. Ke2 Kd7 45. Ke3 Kc6
46. f4 a5 47. Rb3 b4 48. g4 Kc5 49. h4 a4 50. Rb1 Rd7 51. Rc1+ Kb5 52. f5 b3
53. f6 g6 54. g5 h5 55. Rc3 b2 0-1

[Event "ODJM B 2019"]
[Site "Willingen GER"]
[Date "2019.06.11"]
[Round "4"]
[White "Ortlepp, Klaudia"]
[Black "Schneider, Anna"]
[Result "1/2-1/2"]
[Termination "normal"]
[Board "3"]
[WhiteElo "1570"]
[BlackElo "1589"]
[WhiteClock "00:04:48"]
[BlackClock "00:22:54"]
[PlyCount "99"]
[WhiteFideId "16206045"]
[BlackFideId "16200527"]
[EventCountry "GER"]
[EventRounds "9"]
[EventType "swiss"]
[EventDate "2019.06.08"]

1. e4 {[%clk 1:30:58]} 1... e5 {[%clk 1:30:56]} 2. Nf3 {[%clk 1:31:19]} 2...
Nc6 {[%clk 1:31:21]} 3. d4 {[%clk 1:31:34]} 3... exd4 {[%clk 1:31:44]} 4. Bc4 {
[%clk 1:31:52]} 4... Bc5 {[%clk 1:32:09]} 5. c3 {[%clk 1:31:36]} 5... Nf6 {
[%clk 1:32:27]} 6. e5 {[%clk 1:29:51]} 6... d5 {[%clk 1:32:45]} 7. Bb5 { [%clk
1:28:22]} 7... Ne4 {[%clk 1:32:34]} 8. Nxd4 {[%clk 1:24:51]} 8... Bd7 { [%clk
1:28:22]} 9. Bxc6 {[%clk 1:22:35]} 9... Bxc6 {[%clk 1:25:24]} 10. Be3 { [%clk
1:22:04]} 10... O-O {[%clk 1:22:50]} 11. Qg4 {[%clk 1:20:21]} 11... Qe7 { [%clk
1:12:30]} 12. f3 {[%clk 1:13:46]} 12... Bxd4 {[%clk 1:11:21]} 13. Bxd4 { [%clk
1:12:01]} 13... Nc5 {[%clk 1:10:07]} 14. Qf5 {[%clk 1:06:19]} 14... f6 { [%clk
1:05:39]} 15. O-O {[%clk 1:03:28]} 15... fxe5 {[%clk 1:02:32]} 16. Qxe5 { [%clk
1:03:22]} 16... Qxe5 {[%clk 1:02:46]} 17. Bxe5 {[%clk 1:03:36]} 17... Rf7
{[%clk 1:02:04]} 18. Bd4 {[%clk 1:00:40]} 18... Nd3 {[%clk 1:01:06]} 19. b3 {
[%clk 1:00:49]} 19... Re8 {[%clk 1:00:31]} 20. Na3 {[%clk 0:59:13]} 20... Re2 {
[%clk 0:55:36]} 21. Kh1 {[%clk 0:55:17]} 21... Rfe7 {[%clk 0:54:26]} 22. h3 {
[%clk 0:50:13]} 22... R7e6 {[%clk 0:53:28]} 23. f4 {[%clk 0:44:45]} 23... Rd2 {
[%clk 0:50:10]} 24. Nb1 {[%clk 0:42:47]} 24... Rc2 {[%clk 0:45:05]} 25. Na3 {
[%clk 0:42:12]} 25... Rd2 {[%clk 0:43:12]} 26. Nb1 {[%clk 0:42:13]} 26... Rb2 {
[%clk 0:41:58]} 27. Rf3 {[%clk 0:25:45]} 27... Re1+ {[%clk 0:39:05]} 28. Kh2 {
[%clk 0:25:43]} 28... Nxf4 {[%clk 0:37:59]} 29. Rxf4 {[%clk 0:25:56]} 29...
Rbxb1 {[%clk 0:38:00]} 30. Rxb1 {[%clk 0:26:08]} 30... Rxb1 {[%clk 0:38:26]}
31. Bxa7 {[%clk 0:25:54]} 31... Rb2 {[%clk 0:37:35]} 32. Rf2 {[%clk 0:25:49]}
32... Rxf2 {[%clk 0:37:23]} 33. Bxf2 {[%clk 0:26:12]} 33... Be8 {[%clk 0:37:31]
} 34. Kg3 {[%clk 0:25:47]} 34... Kf7 {[%clk 0:36:20]} 35. Kf4 {[%clk 0:23:22]}
35... Bd7 {[%clk 0:35:14]} 36. g4 {[%clk 0:22:37]} 36... h6 {[%clk 0:32:16]}
37. Ke5 {[%clk 0:20:50]} 37... Be6 {[%clk 0:32:02]} 38. Bd4 {[%clk 0:20:19]}
38... g6 {[%clk 0:29:14]} 39. b4 {[%clk 0:19:45]} 39... h5 {[%clk 0:28:35]} 40.
gxh5 {[%clk 0:19:01]} 40... gxh5 {[%clk 0:28:51]} 41. h4 {[%clk 0:19:22]} 41...
Ke7 {[%clk 0:29:01]} 42. b5 {[%clk 0:15:49]} 42... c6 {[%clk 0:23:01]} 43. bxc6
{[%clk 0:11:20]} 43... bxc6 {[%clk 0:23:04]} 44. a4 {[%clk 0:11:37]} 44... Bc8
{[%clk 0:22:33]} 45. Bc5+ {[%clk 0:11:05]} 45... Kd7 {[%clk 0:22:40]} 46. Kf6 {
[%clk 0:10:02]} 46... Ba6 {[%clk 0:22:37]} 47. a5 {[%clk 0:09:57]} 47... Kc8 {
[%clk 0:22:38]} 48. Kg5 {[%clk 0:08:06]} 48... Be2 {[%clk 0:22:57]} 49. a6 {
[%clk 0:07:48]} 49... Kb8 {[%clk 0:22:54]} 50. a7+ {[%clk 0:04:48]} 1/2-1/2

[Event "ODJM B 2019"]
[Site "Willingen GER"]
[Date "2019.06.11"]
[Round "4"]
[White "Dartmann Aubanell, Catriona"]
[Black "Matthes, Benjamin"]
[Result "0-1"]
[Termination "normal"]
[Board "4"]
[WhiteElo "1728"]
[BlackElo "1737"]
[WhiteClock "00:41:08"]
[BlackClock "00:26:44"]
[PlyCount "120"]
[WhiteFideId "24585270"]
[BlackFideId "16227298"]
[EventCountry "GER"]
[EventRounds "9"]
[EventType "swiss"]
[EventDate "2019.06.08"]

1. e4 {[%clk 1:30:57]} 1... c5 {[%clk 1:30:54]} 2. Nf3 {[%clk 1:31:19]} 2...
Nc6 {[%clk 1:31:19]} 3. c3 {[%clk 1:31:37]} 3... Nf6 {[%clk 1:31:45]} 4. e5 {
[%clk 1:31:55]} 4... Nd5 {[%clk 1:32:08]} 5. d4 {[%clk 1:32:13]} 5... cxd4 {
[%clk 1:32:29]} 6. cxd4 {[%clk 1:32:32]} 6... d6 {[%clk 1:32:34]} 7. Bc4 {
[%clk 1:31:49]} 7... Nb6 {[%clk 1:32:51]} 8. Bd3 {[%clk 1:31:45]} 8... Bg4 {
[%clk 1:29:21]} 9. Bb5 {[%clk 1:17:56]} 9... dxe5 {[%clk 1:16:32]} 10. dxe5 {
[%clk 1:16:50]} 10... Qxd1+ {[%clk 1:11:44]} 11. Kxd1 {[%clk 1:17:18]} 11...
O-O-O+ {[%clk 1:08:31]} 12. Ke1 {[%clk 1:13:14]} 12... Bxf3 {[%clk 1:07:43]}
13. gxf3 {[%clk 1:13:28]} 13... Nd4 {[%clk 0:59:43]} 14. Na3 {[%clk 1:10:29]}
14... e6 {[%clk 0:50:39]} 15. Rb1 {[%clk 1:05:04]} 15... Nxf3+ {[%clk 0:42:11]}
16. Ke2 {[%clk 1:04:30]} 16... Nd4+ {[%clk 0:37:56]} 17. Ke1 {[%clk 0:59:42]}
17... Nf3+ {[%clk 0:33:39]} 18. Ke2 {[%clk 0:59:54]} 18... Nd4+ {[%clk 0:34:07]
} 19. Ke1 {[%clk 0:59:50]} 19... Bxa3 {[%clk 0:33:36]} 20. bxa3 {[%clk 1:00:13]
} 20... Nxb5 {[%clk 0:34:03]} 21. Rxb5 {[%clk 1:00:28]} 21... Rd5 { [%clk
0:29:21]} 22. Rxd5 {[%clk 0:58:17]} 22... Nxd5 {[%clk 0:28:21]} 23. Rg1 { [%clk
0:52:03]} 23... g6 {[%clk 0:24:52]} 24. Rg3 {[%clk 0:51:30]} 24... Kd7 { [%clk
0:16:47]} 25. Rf3 {[%clk 0:50:31]} 25... Rc8 {[%clk 0:15:32]} 26. Kd2 { [%clk
0:47:22]} 26... Ke8 {[%clk 0:13:37]} 27. Bb2 {[%clk 0:43:58]} 27... Rc4 { [%clk
0:11:14]} 28. Rb3 {[%clk 0:36:45]} 28... b6 {[%clk 0:11:06]} 29. Rh3 { [%clk
0:33:51]} 29... h5 {[%clk 0:09:29]} 30. Rd3 {[%clk 0:32:31]} 30... Rf4 { [%clk
0:04:38]} 31. Ke2 {[%clk 0:32:02]} 31... Rh4 {[%clk 0:04:24]} 32. Kf1 { [%clk
0:27:00]} 32... Rxh2 {[%clk 0:03:16]} 33. Kg1 {[%clk 0:24:18]} 33... Rh4 {[%clk
0:00:57]} 34. Bd4 {[%clk 0:21:14]} 34... Nf4 {[%clk 0:00:37]} 35. Rd2 { [%clk
0:20:35]} 35... Ne2+ {[%clk 0:00:53]} 36. Rxe2 {[%clk 0:21:04]} 36... Rxd4
{[%clk 0:01:22]} 37. Rc2 {[%clk 0:17:30]} 37... Kd7 {[%clk 0:01:45]} 38. Kg2
{[%clk 0:15:53]} 38... Re4 {[%clk 0:01:43]} 39. Rd2+ {[%clk 0:15:49]} 39... Ke7
{[%clk 0:02:12]} 40. Rc2 {[%clk 0:15:57]} 40... Rxe5 {[%clk 0:02:31]} 41. Rc7+
{[%clk 0:16:04]} 41... Kf6 {[%clk 0:02:47]} 42. Rxa7 {[%clk 0:16:21]} 42... Ra5
{[%clk 0:30:30]} 43. Rb7 {[%clk 0:46:12]} 43... Rxa3 {[%clk 0:30:08]} 44. Rxb6
{[%clk 0:46:33]} 44... Rxa2 {[%clk 0:30:33]} 45. Rb7 {[%clk 0:46:33]} 45... g5
{[%clk 0:29:52]} 46. Kg3 {[%clk 0:45:08]} 46... Ra3+ {[%clk 0:29:03]} 47. Kg2
{[%clk 0:45:23]} 47... g4 {[%clk 0:28:37]} 48. Rc7 {[%clk 0:44:46]} 48... Kg6
{[%clk 0:28:23]} 49. Rc6 {[%clk 0:45:07]} 49... Kf5 {[%clk 0:27:28]} 50. Rc5+
{[%clk 0:44:10]} 50... e5 {[%clk 0:27:39]} 51. Rc6 {[%clk 0:44:29]} 51... f6
{[%clk 0:27:56]} 52. Rb6 {[%clk 0:44:41]} 52... h4 {[%clk 0:28:08]} 53. Rc6
{[%clk 0:44:40]} 53... h3+ {[%clk 0:28:21]} 54. Kh2 {[%clk 0:44:49]} 54... Ra2
{[%clk 0:28:27]} 55. Kg3 {[%clk 0:45:08]} 55... h2 {[%clk 0:26:39]} 56. Rc1
{[%clk 0:45:06]} 56... Rc2 {[%clk 0:26:46]} 57. Rh1 {[%clk 0:44:45]} 57... Rc3+
{[%clk 0:27:06]} 58. Kg2 {[%clk 0:44:30]} 58... Rh3 {[%clk 0:27:29]} 59. Kf1
{[%clk 0:42:21]} 59... Kf4 {[%clk 0:27:10]} 60. Kg2 {[%clk 0:41:08]} 60... e4
{[%clk 0:26:44]} 0-1

[Event "ODJM B 2019"]
[Site "Willingen GER"]
[Date "2019.06.11"]
[Round "4"]
[White "Günther, Emil"]
[Black "Naumenko, Valerija"]
[Result "1-0"]
[Termination "normal"]
[Board "5"]
[WhiteElo "1689"]
[BlackElo "1606"]
[WhiteClock "00:40:33"]
[BlackClock "00:18:22"]
[PlyCount "57"]
[WhiteFideId "16228154"]
[BlackFideId "16222890"]
[EventCountry "GER"]
[EventRounds "9"]
[EventType "swiss"]
[EventDate "2019.06.08"]

1. d4 {[%clk 1:30:58]} 1... d5 {[%clk 1:30:55]} 2. c4 {[%clk 1:31:25]} 2... e6
{[%clk 1:31:22]} 3. Nc3 {[%clk 1:31:51]} 3... Nf6 {[%clk 1:31:47]} 4. Bg5 {
[%clk 1:32:16]} 4... Be7 {[%clk 1:32:12]} 5. Nf3 {[%clk 1:32:38]} 5... O-O {
[%clk 1:32:21]} 6. e3 {[%clk 1:33:04]} 6... Nbd7 {[%clk 1:31:35]} 7. Qc2 {
[%clk 1:33:14]} 7... b6 {[%clk 1:30:23]} 8. cxd5 {[%clk 1:33:24]} 8... exd5 {
[%clk 1:30:17]} 9. Bd3 {[%clk 1:32:01]} 9... h6 {[%clk 1:29:30]} 10. h4 { [%clk
1:25:21]} 10... c5 {[%clk 1:25:45]} 11. O-O-O {[%clk 1:22:16]} 11... c4 { [%clk
1:19:10]} 12. Bf5 {[%clk 1:22:24]} 12... a6 {[%clk 1:05:51]} 13. g4 { [%clk
1:21:14]} 13... b5 {[%clk 0:50:24]} 14. Bxf6 {[%clk 1:18:02]} 14... Nxf6 {[%clk
0:49:39]} 15. g5 {[%clk 1:15:47]} 15... Bxf5 {[%clk 0:46:53]} 16. Qxf5 { [%clk
1:16:05]} 16... Ne4 {[%clk 0:47:10]} 17. gxh6 {[%clk 1:14:41]} 17... g6 { [%clk
0:44:22]} 18. Rdg1 {[%clk 1:13:39]} 18... Kh7 {[%clk 0:43:30]} 19. Qxd5 { [%clk
1:01:21]} 19... Nxf2 {[%clk 0:42:34]} 20. Rh2 {[%clk 0:58:23]} 20... Nd3+
{[%clk 0:42:53]} 21. Kb1 {[%clk 0:58:35]} 21... Qc7 {[%clk 0:35:01]} 22. h5 {
[%clk 0:55:54]} 22... b4 {[%clk 0:28:53]} 23. hxg6+ {[%clk 0:53:24]} 23... fxg6
{[%clk 0:28:09]} 24. Qe4 {[%clk 0:45:05]} 24... Qd6 {[%clk 0:20:19]} 25. Rhg2 {
[%clk 0:44:42]} 25... Rg8 {[%clk 0:19:38]} 26. Nd5 {[%clk 0:43:29]} 26... Rae8
{[%clk 0:19:40]} 27. Ne5 {[%clk 0:40:16]} 27... Nxe5 {[%clk 0:19:37]} 28. dxe5
{[%clk 0:40:38]} 28... Qe6 {[%clk 0:18:22]} 29. Nc7 {[%clk 0:40:33]} 1-0

[Event "ODJM B 2019"]
[Site "Willingen GER"]
[Date "2019.06.11"]
[Round "4"]
[White "Laag, Pascal"]
[Black "Bartelt, Max Peter"]
[Result "1/2-1/2"]
[Termination "normal"]
[Board "6"]
[WhiteElo "1699"]
[BlackElo "1789"]
[WhiteClock "01:05:44"]
[BlackClock "01:11:39"]
[PlyCount "41"]
[WhiteFideId "16256069"]
[BlackFideId "12967289"]
[EventCountry "GER"]
[EventRounds "9"]
[EventType "swiss"]
[EventDate "2019.06.08"]

1. e4 {[%clk 1:30:58]} 1... e6 {[%clk 1:30:57]} 2. d4 {[%clk 1:31:21]} 2... d5
{[%clk 1:31:23]} 3. exd5 {[%clk 1:31:45]} 3... exd5 {[%clk 1:31:49]} 4. Bd3 {
[%clk 1:31:25]} 4... Bd6 {[%clk 1:32:03]} 5. c3 {[%clk 1:30:41]} 5... Nc6 {
[%clk 1:31:58]} 6. Ne2 {[%clk 1:30:17]} 6... Nge7 {[%clk 1:31:23]} 7. Bf4 {
[%clk 1:29:54]} 7... Bg4 {[%clk 1:30:00]} 8. Bxd6 {[%clk 1:29:47]} 8... Qxd6 {
[%clk 1:30:23]} 9. Qc2 {[%clk 1:29:45]} 9... O-O-O {[%clk 1:29:38]} 10. Nd2 {
[%clk 1:29:59]} 10... Kb8 {[%clk 1:28:01]} 11. O-O-O {[%clk 1:26:22]} 11...
Rhe8 {[%clk 1:26:41]} 12. Rhe1 {[%clk 1:25:28]} 12... Ng6 {[%clk 1:25:27]} 13.
f3 {[%clk 1:24:43]} 13... Bd7 {[%clk 1:24:04]} 14. g3 {[%clk 1:24:49]} 14...
Re3 {[%clk 1:22:05]} 15. Ng1 {[%clk 1:17:07]} 15... Rde8 {[%clk 1:21:23]} 16.
Rxe3 {[%clk 1:16:54]} 16... Rxe3 {[%clk 1:21:48]} 17. Nf1 {[%clk 1:12:24]}
17... Re8 {[%clk 1:21:09]} 18. Qd2 {[%clk 1:11:46]} 18... Nf8 {[%clk 1:15:23]}
19. Ne3 {[%clk 1:07:50]} 19... g6 {[%clk 1:14:32]} 20. Re1 {[%clk 1:05:44]}
20... a6 {[%clk 1:11:39]} 21. f4 1/2-1/2

[Event "ODJM B 2019"]
[Site "Willingen GER"]
[Date "2019.06.11"]
[Round "4"]
[White "Alhamid, Mohamad"]
[Black "Petersen, Finn Christopher"]
[Result "0-1"]
[Termination "normal"]
[Board "9"]
[WhiteElo "1672"]
[BlackElo "1780"]
[PlyCount "140"]
[WhiteFideId "16235665"]
[BlackFideId "12964840"]
[EventCountry "GER"]
[EventRounds "9"]
[EventType "swiss"]
[EventDate "2019.06.08"]

1. e4 e5 2. Nc3 Nf6 3. f4 d6 4. Nf3 Nc6 5. Bb5 Qe7 6. Bxc6+ bxc6 7. d3 g6 8.
fxe5 dxe5 9. h3 Bg7 10. Be3 O-O 11. Qd2 c5 12. Qf2 Nd7 13. Nd5 Qd6 14. Nd2 Kh8
15. Nb3 f5 16. Qg1 fxe4 17. dxe4 c4 18. Nc5 c6 19. Nb4 Qf6 20. Nxd7 Bxd7 21.
O-O-O Be8 22. Bxa7 Qf4+ 23. Kb1 Qxe4 24. Re1 Qf5 25. Bc5 Rf7 26. Rf1 Qxf1+ 27.
Qxf1 Rxf1+ 28. Rxf1 Ra5 29. Bf8 Ra7 30. Bxg7+ Kxg7 31. c3 Bd7 32. Re1 Kf6 33.
g4 h5 34. Re4 hxg4 35. hxg4 Kg5 36. Rxc4 Bxg4 37. Nxc6 Rc7 38. Nxe5 Rxc4 39.
Nxc4 Kf4 40. Kc1 Be2 41. Na3 g5 42. Kd2 Ba6 43. Nc2 g4 44. Ne3 g3 45. a4 Bb7
46. Kd3 Ke5 47. b4 Be4+ 48. Kc4 Bd5+ 49. Kd3 Be4+ 50. Kc4 Bd5+ 51. Kc5 Ke4 52.
Nxd5 g2 53. c4 g1=Q+ 54. Kb5 Kd4 55. a5 Qf1 56. Nb6 Qf5+ 57. Ka6 Kc3 58. b5 Kb4
59. Nd5+ Kc5 60. b6 Qe6 61. Ka7 Kxc4 62. Nc7 Qc6 63. Kb8 Kc5 64. Na6+ Kb5 65.
Nc7+ Kxa5 66. b7 Qd6 67. Kc8 Qf8+ 68. Kd7 Kb6 69. Ne6 Qf7+ 70. Kd6 Qxb7 0-1